Catalog

Record Details

Catalog Search



Theologie des Alten Testaments : die Theologie der geschichtlichen Überlieferungen Israels Band I Cover Image Book Book

Theologie des Alten Testaments : die Theologie der geschichtlichen Überlieferungen Israels Gerhard von Rad Band I

Rad, Gerhard von (Author).

Record details

  • Physical Description: 476 S.
  • Edition: 3. Aufl.
  • Publisher: München Chr. Kaiser Verlag 1961

Available copies

  • 1 of 1 copy available at Common Catalog SPOK.

Holds

  • 0 current holds with 1 total copy.
Show All Copies
Location Call Number / Copy Notes Barcode Shelving Location Status Due Date
ETS Library 230.0411 424470008402 Volný výběr Available -

LDR 00839nam a2 00253
00134307
003CZ-PrJAB
00520040311000000.0
008001128s1961 xr e |||| |ger
009ge
035 . ‡a(CONS)9183
035 . ‡aKPS7703
040 . ‡aABG450
041 . ‡ager
08214. ‡a230.0411
100 . ‡7109 ‡aRad, Gerhard von
245 . ‡aTheologie des Alten Testaments : ‡bdie Theologie der geschichtlichen Überlieferungen Israels ‡cGerhard von Rad ‡nBand I
250 . ‡a3. Aufl.
260 . ‡aMünchen ‡bChr. Kaiser Verlag ‡c1961
300 . ‡a476 S.
653 . ‡aTheologie des Alten Testaments die Theologie der geschichtlichen Überlieferugen Israels
8524 . ‡bETS ‡bETS ‡cVolný výběr ‡j230.0411 ‡gP ‡p424470008402 ‡xreference
8524 . ‡bETS ‡bETS ‡cVolný výběr ‡j230.0411 ‡gE ‡p424470008400
910 . ‡aABG450
999 . ‡a9183 ‡bAUTOGEN ‡c9183 ‡tbiblio
905 . ‡uadmin
901 . ‡a34307 ‡b ‡c34307 ‡tbiblio ‡sets

Additional Resources